| 000 | 01200cam a22003617a 4500 | ||
|---|---|---|---|
| 001 | 000033428 | ||
| 003 | CHAP | ||
| 005 | 20220329135205.0 | ||
| 008 | 971013s1949 r 00010 d | ||
| 010 | _a32375 | ||
| 011 | _a33347 | ||
| 035 | _a37462 | ||
| 040 | _cCHAP | ||
| 082 | 0 | 4 |
_a631.4 _bC7 |
| 100 | 0 | 0 |
_aCruz López, Cándido. _929473 |
| 245 | 1 | 0 | _aEstudio agrológico regional del estado de Tlaxcala. |
| 260 |
_aMéxico, D.F. : _bIngeniería Hidráulica en México, _c1949. |
||
| 300 |
_a156 p. : _b: ilus. ; mapas. |
||
| 500 | _aSobretiro de la revista Ingeniería Hidráulica en México | ||
| 590 |
_aBATCH-UPD _b10 _c20130110 _lUCH01 _h1850 |
||
| 590 |
_aBATCH-UPD _b10 _c20130410 _lUCH01 _h1219 |
||
| 590 |
_aBATCH-UPD _b10 _c20130914 _lUCH01 _h1106 |
||
| 590 |
_aCONVERSION _b10 _c20130109 _lUCH01 _h1318 |
||
| 590 |
_aE5995AHE _b05 _c20150519 _lUCH01 _h1452 |
||
| 650 | 1 | 4 |
_aSuelos forestales. _9110548 |
| 650 | 1 | 4 |
_aSuelos _xMéxico. _9110441 |
| 650 | 1 | 4 |
_aSuelos _zTlaxcala. _9110529 |
| 901 | _aBK | ||
| 942 | _cLIBRO | ||
| 942 | _n0 | ||
| 949 |
_a631.4 C7 _bBC _cLIBRO _d-85919 _eLIBRO _h20948 _i37462 _si |
||
| 949 |
_a631.4 C7 _bBC _cLIBRO _d33724000061339 _eLIBRO _fc.2 _h20949 _i37462 _mD _si |
||
| 999 |
_c32375 _d32375 |
||